[Event "World Senior 50+ 2014"]
[Site "Katerini GRE"]
[Date "2014.11.04"]
[Round "11.4"]
[White "Movsziszian, Karen"]
[Black "Sveshnikov, Evgeny"]
[Result "1-0"]
[WhiteTitle "GM"]
[BlackTitle "GM"]
[WhiteElo "2487"]
[BlackElo "2517"]
[WhiteFideId "13301152"]
[BlackFideId "4100638"]
[EventDate "2014.10.24"]

1. g3 c5 2. Bg2 Nc6 3. d3 d5 4. Nd2 Nf6 5. e4 Bg4 6. f3 Bc8 7. Nh3 e5 8. O-O Be7
9. c3 h5 10. f4 Bxh3 11. Bxh3 h4 12. Kg2 hxg3 13. hxg3 c4 14. fxe5 Nxe5 15. d4
Nd3 16. e5 Nh7 17. Nxc4 Nxc1 18. Ne3 Ng5 19. Bg4 Qb6 20. Qxc1 Qg6 21. Qb1 Ne4
22. Qd3 a6 23. Rh1 Rh6 24. Rxh6 gxh6 25. Rh1 Rd8 26. Rh3 Bg5 27. Bf5 Qb6 28. Nd1
Qc6 29. Rh1 Nd2 30. b3 b5 31. Re1 b4 32. cxb4 Rb8 33. e6 Rxb4 34. Nf2 Qb6 35.
Bg6 fxg6 36. Qxg6+ Kd8 37. Qg8+ Kc7 38. e7 Qf6 39. e8=N+ 1-0

[Event "World Senior 50+ 2014"]
[Site "Katerini GRE"]
[Date "2014.11.04"]
[Round "11.6"]
[White "Stepovoj, Vladimir"]
[Black "Hebden, Mark L"]
[Result "0-1"]
[WhiteTitle "IM"]
[BlackTitle "GM"]
[WhiteElo "2323"]
[BlackElo "2540"]
[WhiteFideId "4120159"]
[BlackFideId "400084"]
[EventDate "2014.10.24"]

1. e4 e5 2. Nf3 Nc6 3. Bc4 Nf6 4. Ng5 d5 5. exd5 Na5 6. Bb5+ c6 7. dxc6 bxc6 8.
Bd3 g6 9. Qe2 Nd7 10. Nf3 Bg7 11. b4 Nb7 12. Nc3 O-O 13. O-O Nd6 14. Rb1 a5 15.
b5 c5 16. Ne4 Nb7 17. Ba3 Qc7 18. Qe3 Re8 19. b6 Nxb6 20. Nxc5 Nd5 21. Qe4 Nb4
22. Bxb4 axb4 23. Nxb7 Bxb7 24. Qxb4 Bc6 25. Ng5 h6 26. Ne4 Reb8 27. Qc5 Rc8 28.
Qd6 Qxd6 29. Nxd6 Rd8 30. Nb7 Rd4 31. Nc5 Rxa2 32. Rb6 Ba8 33. Rb8+ Bf8 34. c3
Rd6 35. Bc4 Ra7 36. d3 Kg7 37. Rfb1 Bc6 38. Rc8 Rf6 39. Ne4 Bxe4 40. dxe4 Ra3
41. Bd5 Rb6 42. Rc1 Ra7 43. c4 Rb2 44. c5 Rc2 45. Rb1 Bxc5 46. Kh1 Rb2 47. Rc1
Bxf2 48. g3 h5 49. R8c7 h4 50. Rxa7 Bxa7 51. gxh4 Rf2 52. Bc4 f6 53. Be6 Bd4 54.
h5 gxh5 55. Bf5 Kh6 56. h4 Rf4 57. Rc7 Rxh4+ 58. Kg2 Rf4 59. Rh7+ Kg5 60. Rg7+
Kh4 61. Rg6 Rf2+ 62. Kh1 Be3 63. Rxf6 Kg3 64. Rg6+ Kf3 65. Rg1 Rd2 66. Rb1 Kg3 0-1

[Event "World Senior 50+ 2014"]
[Site "Katerini GRE"]
[Date "2014.11.04"]
[Round "11.7"]
[White "Frick, Christoph"]
[Black "Kristiansen, Jens"]
[Result "1/2-1/2"]
[BlackTitle "GM"]
[WhiteElo "2241"]
[BlackElo "2405"]
[WhiteFideId "4607090"]
[BlackFideId "1400061"]
[EventDate "2014.10.24"]

1. e4 g6 2. Nc3 Bg7 3. g3 Nc6 4. Bg2 d6 5. d3 e5 6. Nge2 f5 7. Nd5 Nf6 8. c4 Ne7
9. O-O c6 10. Nxf6+ Bxf6 11. Rb1 Be6 12. f4 Qb6+ 13. Kh1 O-O 14. Qc2 Rad8 15. b4
Bg7 16. Bd2 fxe4 17. dxe4 Kh8 18. a4 Qc7 19. a5 Qd7 20. Be3 a6 21. Rbd1 Bh3 22.
Bb6 Bxg2+ 23. Kxg2 Rde8 24. Qd3 Nc8 25. Be3 exf4 26. Bxf4 Qe6 27. Nc3 Kg8 28.
Rde1 Rf7 29. Bd2 Rxf1 30. Qxf1 Ne7 31. b5 Qe5 32. Qd3 Qc5 33. Rb1 Rf8 34. Nd1
Qh5 1/2-1/2

[Event "World Senior 50+ 2014"]
[Site "Katerini GRE"]
[Date "2014.11.04"]
[Round "11.8"]
[White "Furman, Boris"]
[Black "Heinig, Wolfram"]
[Result "1/2-1/2"]
[WhiteTitle "FM"]
[BlackTitle "FM"]
[WhiteElo "2152"]
[BlackElo "2296"]
[WhiteFideId "4107187"]
[BlackFideId "4611926"]
[EventDate "2014.10.24"]

1. d4 c5 2. d5 e5 3. e4 d6 4. Nc3 Be7 5. Nf3 Bg4 6. h3 Bxf3 7. Qxf3 a6 8. b3 Bg5
9. Bb2 h5 10. h4 Bxh4 11. g3 Qf6 12. Qe2 Bg5 13. Rxh5 Rxh5 14. Qxh5 Qh6 1/2-1/2

[Event "World Senior 50+ 2014"]
[Site "Katerini GRE"]
[Date "2014.11.04"]
[Round "11.9"]
[White "Findlay, David John"]
[Black "Malinin, Vasily B."]
[Result "1-0"]
[BlackTitle "GM"]
[WhiteElo "2162"]
[BlackElo "2280"]
[WhiteFideId "2400278"]
[BlackFideId "4140249"]
[EventDate "2014.10.24"]

1. e4 Nc6 2. Nc3 e5 3. Nf3 f5 4. exf5 Nf6 5. Bb5 e4 6. Ng5 d5 7. d3 Bxf5 8. dxe4
dxe4 9. Qe2 Bb4 10. Bd2 Qe7 11. Qc4 Rd8 12. O-O-O Rxd2 13. Rxd2 Nd7 14. Ngxe4
Nde5 15. Qd5 a6 16. Ba4 Be6 17. Qxe5 b5 18. Bxb5 axb5 19. Qxb5 Bd7 20. Rhd1 Bxc3
21. Nxc3 Ne5 22. Qb8+ Kf7 23. Qxh8 Bf5 24. Qd8 Qb4 25. Qxc7+ 1-0

[Event "World Senior 50+ 2014"]
[Site "Katerini GRE"]
[Date "2014.11.04"]
[Round "11.10"]
[White "Habibi, Ali"]
[Black "Nikolaidis, Konstantinos"]
[Result "1-0"]
[WhiteTitle "IM"]
[BlackTitle "FM"]
[WhiteElo "2247"]
[BlackElo "2178"]
[WhiteFideId "4604393"]
[BlackFideId "4200578"]
[EventDate "2014.10.24"]

1. g3 d5 2. Bg2 c6 3. d3 Nf6 4. Nf3 Bg4 5. Nbd2 Nbd7 6. O-O e5 7. e4 Bd6 8. h3
Bh5 9. Qe1 O-O 10. Nh4 Re8 11. Kh1 Bc7 12. Nb3 Bb6 13. a4 Nc5 14. Nxc5 Bxc5 15.
Bg5 dxe4 16. dxe4 h6 17. Be3 Nd7 18. Nf5 Bf8 19. Qc3 Kh7 20. a5 g6 21. Nh4 Be2
22. Rfe1 Ba6 23. Red1 Qc7 24. Nf3 b6 25. axb6 axb6 26. Kh2 Be2 27. Rxa8 Rxa8 28.
Rd2 Bb5 29. b3 Re8 30. Qb2 c5 31. c4 Bc6 32. Qb1 Qb7 33. Rd1 Nb8 34. Ng1 b5 35.
Ne2 b4 36. Rd2 Nd7 37. f3 Ra8 38. Rd1 Ra6 39. Bc1 Qa7 40. Bb2 Qb7 41. Qc2 Qc7
42. Nc1 Ra8 43. Nd3 Ra6 44. h4 Ra8 45. Bh3 f6 46. Rd2 Be7 47. Nf2 Nf8 48. Ng4
Rd8 49. Ne3 Rxd2+ 50. Qxd2 Qd6 51. Nd5 Bxd5 52. exd5 Bd8 53. h5 g5 54. Bf5+ Kg7
55. Qf2 Bc7 56. Bc1 Bb6 57. Be3 Kf7 58. Qa2 Bd8 59. Qa7+ Be7 60. Kg2 Kg7 61. Qa8
Kf7 62. Qb7 Kg7 63. Bc8 Kg8 64. Qa8 Kf7 65. Bb7 Kg7 66. Bc6 Kg8 67. Be8 Kg7 68.
Qc8 Kh7 69. Bg6+ Kg7 70. Qe8 Kh8 71. Qf7 Qd7 72. g4 Qd6 73. Bf5 Qd8 74. Kf2 Qd6
75. Qe8 Kg7 76. Kg2 Kh8 1-0

[Event "World Senior 50+ 2014"]
[Site "Katerini GRE"]
[Date "2014.11.04"]
[Round "11.11"]
[White "Bouaziz, Slim"]
[Black "Gamback, Bjorn"]
[Result "1/2-1/2"]
[WhiteTitle "GM"]
[WhiteElo "2321"]
[BlackElo "2109"]
[WhiteFideId "5500010"]
[BlackFideId "1703161"]
[EventDate "2014.10.24"]

1. d4 Nf6 2. Nf3 e6 3. g3 b6 4. Bg2 Bb7 5. O-O c5 6. c4 cxd4 7. Qxd4 Be7 8. Nc3
O-O 9. Bf4 d5 10. Ne5 Nc6 11. Nxc6 Bxc6 12. cxd5 Nxd5 13. Nxd5 Bxd5 14. Bxd5
Qxd5 15. Qxd5 exd5 16. Rad1 Bf6 17. Rd2 1/2-1/2

[Event "World Senior 50+ 2014"]
[Site "Katerini GRE"]
[Date "2014.11.04"]
[Round "11.12"]
[White "Chapman, Terry P D"]
[Black "Kempen, Leon"]
[Result "1/2-1/2"]
[WhiteTitle "FM"]
[BlackTitle "CM"]
[WhiteElo "2304"]
[BlackElo "1949"]
[WhiteFideId "413399"]
[BlackFideId "3203786"]
[EventDate "2014.10.24"]

1. Nf3 d5 2. d4 c5 3. c4 cxd4 4. cxd5 Nf6 5. Qxd4 Qxd5 6. Nc3 Qxd4 7. Nxd4 a6 8.
g3 Bd7 9. Bg2 e5 10. Nc2 Bc6 11. O-O Bxg2 12. Kxg2 Nbd7 13. Rd1 Rc8 14. Bg5 Be7
15. Bxf6 Nxf6 16. Ne3 Bc5 17. Ned5 Nxd5 18. Nxd5 Bd4 19. e3 Rc5 20. Rac1 Rxd5
21. exd4 exd4 22. Rc8+ Rd8 23. Rxd8+ Kxd8 24. Rxd4+ Kc7 25. Kf3 Kc6 26. h4 h5
27. Rf4 f6 28. Re4 Kd6 29. Rd4+ Ke6 30. a4 b5 1/2-1/2

[Event "World Senior 50+ 2014"]
[Site "Katerini GRE"]
[Date "2014.11.04"]
[Round "11.13"]
[White "Giulian, Philip M"]
[Black "Shevelev, Arkady"]
[Result "1/2-1/2"]
[WhiteTitle "FM"]
[BlackTitle "IM"]
[WhiteElo "2177"]
[BlackElo "2295"]
[WhiteFideId "2400197"]
[BlackFideId "2802163"]
[EventDate "2014.10.24"]

1. d4 Nf6 2. c4 c5 3. d5 b5 4. cxb5 a6 5. e3 axb5 6. Bxb5 Qa5+ 7. Nc3 Ba6 8.
Bxa6 Qxa6 9. Nge2 d6 10. a4 Qb7 11. Nb5 Na6 12. Nec3 g6 13. O-O Bg7 14. e4 O-O
15. Qe2 Rfc8 16. b3 Nd7 17. Rb1 Nc7 18. Nxc7 Rxc7 19. Nb5 Rcc8 1/2-1/2

[Event "World Senior 50+ 2014"]
[Site "Katerini GRE"]
[Date "2014.11.04"]
[Round "11.14"]
[White "Zybura, Andre"]
[Black "Alexakis, Dimitrios"]
[Result "0-1"]
[WhiteElo "1975"]
[BlackElo "2224"]
[WhiteFideId "2606208"]
[BlackFideId "4200527"]
[EventDate "2014.10.24"]

1. e4 d5 2. exd5 Qxd5 3. Nc3 Qa5 4. b4 Qxb4 5. Rb1 Qd6 6. Nf3 c6 7. d4 Nf6 8.
Bd3 e6 9. O-O Qc7 10. Rb3 Nbd7 11. Re1 Be7 12. Ne5 Nxe5 13. dxe5 Nd7 14. Bf4 Nc5
15. Rb1 Bd7 16. Ne4 Nxe4 17. Rxe4 c5 18. Qe2 Bc6 19. Re3 g5 20. Bg3 h5 21. h3
O-O-O 22. Bb5 Rd7 23. Reb3 h4 24. Bh2 Bxb5 25. Rxb5 Qc6 26. c4 Rhd8 27. Qc2 Rd2
28. Qb3 R8d3 29. Qa4 a6 30. f3 Rxg2+ 31. Kxg2 Qxf3+ 32. Kg1 Rd2 0-1

[Event "World Senior 50+ 2014"]
[Site "Katerini GRE"]
[Date "2014.11.04"]
[Round "11.15"]
[White "Karatas, Kursat"]
[Black "Madeira, Wagner Martins"]
[Result "0-1"]
[BlackTitle "FM"]
[WhiteElo "1741"]
[BlackElo "2207"]
[WhiteFideId "6336841"]
[BlackFideId "2100797"]
[EventDate "2014.10.24"]

1. e4 d5 2. exd5 Nf6 3. Bb5+ Bd7 4. Be2 Nxd5 5. d4 Bf5 6. Nf3 e6 7. c4 Nb4 8.
Na3 c5 9. O-O N8c6 10. Be3 cxd4 11. Nxd4 Nxd4 12. Bxd4 Nc6 13. Bc3 Bxa3 14. bxa3
O-O 15. Qb3 Qc7 16. Rad1 Rfd8 17. Qb2 f6 18. f4 Rxd1 19. Bxd1 Qb6+ 20. Qxb6 axb6
21. a4 Bd3 22. Re1 Bxc4 23. Bb3 Bxb3 24. axb3 Kf7 25. Rd1 Ke7 26. Rd3 Rd8 27.
Rxd8 Kxd8 28. b4 b5 29. a5 Kd7 30. Kf2 Kd6 31. Ke3 Kd5 32. Kd3 e5 33. f5 h5 34.
g3 Ne7 0-1

[Event "World Senior 50+ 2014"]
[Site "Katerini GRE"]
[Date "2014.11.04"]
[Round "11.17"]
[White "Bluvshtein, Ilia"]
[Black "Hafez, Bakr"]
[Result "1-0"]
[BlackTitle "IM"]
[WhiteElo "2088"]
[BlackElo "2013"]
[WhiteFideId "2605317"]
[BlackFideId "8103607"]
[EventDate "2014.10.24"]

1. e4 c5 2. Nf3 d6 3. d4 cxd4 4. Nxd4 Nf6 5. Nc3 a6 6. Bg5 e6 7. f4 h6 8. Bh4
Nbd7 9. Be2 Be7 10. Bg3 O-O 11. e5 Ne8 12. O-O dxe5 13. fxe5 Qb6 14. Kh1 Qxb2
15. Qd3 Nc5 16. Qf3 Qb4 17. Rab1 Qa5 18. Ne4 Qxa2 19. Nxc5 Bxc5 20. Nb3 Be7 21.
Bd3 Qa4 22. Qh5 f5 23. Rf4 Qc6 24. Qg6 Bg5 25. Rc4 Qd7 26. Be2 Qf7 27. Qxf7+
Kxf7 28. Rd1 Be7 29. Bf3 Rb8 30. Na5 g6 31. Bf2 g5 32. h3 Ng7 33. Rc7 h5 34. Ba7
Ra8 35. Bc5 Re8 36. Nxb7 Bxb7 37. Bxb7 Rab8 38. Rdd7 f4 39. Bxe7 Kg6 40. Bxg5
Kxg5 41. Rxg7+ Kf5 42. Bxa6 Kxe5 43. Kg1 Rb6 44. Bd3 Kd5 45. Rgd7+ Ke5 46. Rc5+
Kf6 47. Rxh5 Rb4 48. Kf2 e5 49. Rh6+ 1-0

[Event "World Senior 50+ 2014"]
[Site "Katerini GRE"]
[Date "2014.11.04"]
[Round "11.18"]
[White "Ismail, Ahmad"]
[Black "Limono, Handjojo"]
[Result "1/2-1/2"]
[WhiteElo "2075"]
[BlackElo "1801"]
[WhiteFideId "5700655"]
[BlackFideId "7102909"]
[EventDate "2014.10.24"]

1. d4 d5 2. Bg5 Nd7 3. e3 Ngf6 4. Nf3 e6 5. Nbd2 Be7 6. Bd3 c5 7. c3 b6 8. O-O
Bb7 9. a4 O-O 10. Bxf6 Bxf6 11. Re1 g6 12. e4 dxe4 13. Bxe4 Qc7 14. Bxb7 Qxb7
15. Ne4 Bg7 16. h4 Rfd8 17. Qb3 cxd4 18. Nxd4 Nf6 19. Nxf6+ Bxf6 20. Nf3 Rd5 21.
Rad1 Rad8 22. Rxd5 Rxd5 23. Qc4 Qd7 24. Qf4 Rf5 25. Qe4 h5 26. g3 Kg7 27. Kg2
Ra5 28. b3 Bxc3 29. Re3 Bf6 30. Rd3 Rd5 31. Rxd5 Qxd5 32. Qxd5 exd5 33. Kf1 Kf8
34. Ke2 Ke7 35. Kd3 Kd6 36. Ng1 Kc5 37. Ne2 Be5 38. f4 Bf6 39. Nc1 a5 40. Na2
Bb2 41. Kc2 Bf6 42. Kd3 b5 43. axb5 Kxb5 44. Nc1 Bb2 45. Na2 a4 46. bxa4+ Kxa4
47. Kc2 Bd4 48. Kd3 Bf6 49. Nc1 Kb4 50. Ne2 Kc5 51. Nc1 Kd6 52. Ke3 Bd8 53. Nd3
Bb6+ 54. Kf3 Bd4 55. Ke2 f6 56. Kf3 Bc3 57. g4 f5 58. g5 Kc6 59. Ke2 Kb5 60. Kd1
Kc4 61. Ke2 Bh8 62. Ke3 Bc3 63. Ke2 Bg7 64. Ke3 Bh8 65. Ne1 Bd4+ 66. Ke2 Bc3 67.
Nf3 Bb2 68. Kd2 Bc3+ 69. Kc2 Bd4 70. Kd2 Kc5 71. Ke2 Bg7 72. Kd3 Bb2 73. Kc2 Bd4
74. Kd1 Bg7 75. Kd2 Kc4 76. Ke2 Bc3 77. Kf2 Bb2 78. Ke2 Kc5 79. Kd2 Kd6 80. Kc2
Ba1 81. Kb1 Bh8 82. Kc2 d4 83. Kd3 Kd5 84. Nd2 Bg7 85. Nf3 Kc5 86. Nd2 Kd5 87.
Nf3 Bh8 88. Ne1 Be5 89. fxe5 Kxe5 90. Nf3+ Kf4 1/2-1/2

[Event "World Senior 50+ 2014"]
[Site "Katerini GRE"]
[Date "2014.11.04"]
[Round "11.20"]
[White "Sideris, Nikiforos"]
[Black "Auvinen, Esa"]
[Result "1/2-1/2"]
[WhiteElo "2017"]
[BlackElo "1972"]
[WhiteFideId "4204271"]
[BlackFideId "501069"]
[EventDate "2014.10.24"]

1. b3 Nf6 2. Bb2 e6 3. Nf3 Be7 4. e3 O-O 5. Be2 b6 6. O-O Bb7 7. d3 c5 8. e4 d5
9. e5 Nfd7 10. Nbd2 Nc6 11. Re1 Qc7 12. Bf1 d4 13. Qe2 Rfd8 14. a3 Nf8 15. g3
Ng6 16. Rad1 Rd5 17. c4 dxc3 18. Bxc3 Rad8 19. Nc4 b5 20. Ne3 R5d7 21. Ng4 a6
22. h4 Nf8 23. Ng5 Nd4 24. Bxd4 Rxd4 25. f4 Qc6 26. Nf2 Qd5 27. Qh5 Bxg5 28.
hxg5 Qf3 29. Qxf3 Bxf3 30. Rc1 Bd5 31. Rxc5 Bxb3 32. Rc3 Bd5 33. Bg2 Bxg2 34.
Kxg2 Ng6 35. Re4 R4d7 36. a4 Rb8 37. axb5 axb5 38. Rb3 Ne7 39. Reb4 Rdb7 40. Ne4
Nd5 41. Nd6 Nxb4 42. Nxb7 Rxb7 43. Rxb4 Kf8 44. Kf3 Ke7 1/2-1/2

[Event "World Senior 50+ 2014"]
[Site "Katerini GRE"]
[Date "2014.11.04"]
[Round "11.22"]
[White "Patola, Eero"]
[Black "Ferreira, Alexander"]
[Result "1-0"]
[WhiteElo "1857"]
[BlackElo "1657"]
[WhiteFideId "504092"]
[BlackFideId "2102935"]
[EventDate "2014.10.24"]

1. e4 e5 2. c4 c5 3. Nc3 Nf6 4. g3 Nc6 5. Bg2 d6 6. h3 g6 7. d3 Bg7 8. Nge2 h6
9. O-O Be6 10. Rb1 a6 11. a3 Nd4 12. Nxd4 cxd4 13. Ne2 Rc8 14. f4 Bd7 15. g4 Rc7
16. Ng3 b5 17. b3 Rb7 18. Bd2 Bf8 19. Qe1 Ng8 20. Qf2 Qf6 21. Qe2 Qd8 22. Qf3 f6
23. h4 Bg7 24. h5 Qc8 25. Bh3 g5 26. fxg5 hxg5 27. Bxg5 Be6 28. Bd2 Rf7 29. Nf5
Bf8 30. Bb4 Bxf5 31. exf5 Be7 32. cxb5 axb5 33. Rbc1 Qd7 34. Bg2 Bd8 35. Kf2 Ne7
36. Qh3 O-O 37. Ke2 Kh8 38. Rc2 d5 39. Rfc1 Re8 40. Qf3 e4 41. Qf4 Ng8 42. Rc6
exd3+ 43. Kd1 Re2 44. Bf3 Qa7 45. Bxd5 Ba5 46. Rc8 Kg7 47. Bxf7 Kxf7 48. R1c7+
Bxc7 49. Rxc7+ Qxc7 50. Qxc7+ Re7 51. Bxe7 Nxe7 52. Kd2 Kg8 53. Qxe7 b4 54. h6 1-0

[Event "World Senior 50+ 2014"]
[Site "Katerini GRE"]
[Date "2014.11.04"]
[Round "11.23"]
[White "Bobke, Laurenz"]
[Black "Wilson, F Leon"]
[Result "1-0"]
[WhiteElo "1715"]
[BlackElo "1572"]
[WhiteFideId "1270575"]
[BlackFideId "2048302"]
[EventDate "2014.10.24"]

1. d4 Nf6 2. Bf4 c5 3. d5 d6 4. Nc3 g6 5. e4 Bg7 6. Nf3 Qb6 7. Rb1 O-O 8. Be2
Nbd7 9. O-O a6 10. a3 Qc7 11. Re1 b5 12. Bf1 Nh5 13. Bc1 Ne5 14. h3 f5 15. Nxe5
Bxe5 16. exf5 Bd4 17. Be3 Bxe3 18. Rxe3 Rxf5 19. g4 Rg5 20. Ne4 Re5 21. gxh5
Rxh5 22. Rg3 Bf5 23. Qxh5 Bxe4 24. Rc1 Rf8 25. Bg2 Kh8 26. Qe2 Bf5 27. Re3 Rf7
28. Re1 e6 29. dxe6 Re7 30. c3 c4 31. Bd5 Qc5 32. Qf3 a5 33. Bc6 Kg7 34. Bd7 Qa7
35. Qc6 Qb8 36. Qxb5 Qa7 37. Qxc4 Qb8 38. Qh4 Qf8 39. Qd4+ Kg8 40. Qxd6 Qf6 41.
Qb8+ Kg7 42. Qe5 h5 43. Qxf6+ Kxf6 44. h4 a4 45. c4 g5 46. hxg5+ Kxg5 47. c5 Rg7
48. Rg3+ Bg4 49. f3 Kf4 50. Kh2 Rh7 51. fxg4 hxg4+ 52. Kg2 Rh5 53. e7 Rxc5 54.
Rxg4# 1-0